000 00362 a2200157 4500
001 61724
020 _a8506043093
040 _cAnchieta - Pituba
100 _aRoca, Juan Carlos
240 1 0 _aA águia que queria ser águia
_lpor
245 1 0 _aA águia que queria ser águia
300 _a112
362 0 _a2004
650 4 _aLiteratura juvenil
942 _cBK
999 _c61724
_d61724